000 00666nam a2200205 u 4500
005 20220526063415.0
008 101005s2004 es r 000 0 spa d
020 _a842634836X
035 _aUPN01000178020
049 _aI
050 4 _aPZ14
_bM5.2
100 1 _aMiraucourt, Christophe
_931111
245 1 4 _aUna bruja horriblemente guapa /
_cChristophe Miraucourt ; tr. P. Rozarena ; il. de Elisabeth Schlossberg.
260 _aZaragoza, Esp. :
_bEdelvives,
_c2004.
300 _a47 p. :
_bil. col.
440 0 _aAla Delta.
_pRoja ;
_v8
534 _pTítulo original :
_tTrop belle sorciere!
650 0 _aCuentos infantiles franceses
_98588
905 _aInfantil
999 _c150123
_d150123